[Event "39 Mar del Plata open"]
[Site "?"]
[Date "2008.03.21"]
[Round "7"]
[White "Lo Presti, Roberto"]
[Black "Scarzello, Alejandro"]
[Result "1/2-1/2"]
[WhiteElo "2148"]
[BlackElo "2001"]
[PlyCount "106"]

1. e4 c5 2. Nf3 d6 3. d4 cxd4 4. Nxd4 Nf6 5. Nc3 g6 6. Be3 Bg7 7. f3 Nc6 8. Qd2
O-O 9. Bc4 Bd7 10. O-O-O Rb8 11. Bb3 b5 12. Ndxb5 Ne5 13. Qe2 Qa5 14. Na3 Rfc8
15. Nd5 Nxd5 16. Rxd5 Qc7 17. f4 Ng4 18. f5 Nxe3 19. Qxe3 a5 20. c3 a4 21. Bc4
Qb7 22. Rd2 Qb6 23. Qxb6 Rxb6 24. Rf2 gxf5 25. exf5 Rc5 26. g4 d5 27. Rd1 Bc6
28. Bd3 d4 29. c4 Bh6+ 30. Kb1 Be3 31. Rc2 Kf8 32. Rf1 Bb7 33. Re2 Ba6 34. h4
h6 35. Rg2 Bb7 36. Rg3 Re5 37. Nc2 Rd6 38. Nxe3 dxe3 39. Kc2 e2 40. Re1 Be4 41.
b3 axb3+ 42. axb3 Rd4 43. Bxe4 Rexe4 44. Kc3 Rd1 45. Rgg1 Re3+ 46. Kb4 Rdd3 47.
Rb1 Re4 48. Rge1 Rd2 49. Kc3 Red4 50. c5 R2d3+ 51. Kc2 Rd2+ 52. Kc3 R4d3+ 53.
Kc4 Rd4+ 1/2-1/2

[Event "39 Mar del Plata open"]
[Site "?"]
[Date "2008.03.20"]
[Round "7"]
[White "Lopez, Pablo"]
[Black "Sandoval, Teofilo"]
[Result "0-1"]
[WhiteElo "1945"]
[BlackElo "2158"]
[PlyCount "90"]

1. e4 e6 2. d4 d5 3. e5 c5 4. f4 Nc6 5. Nf3 g6 6. Bd3 cxd4 7. O-O Bc5 8. a3 a5
9. g4 Nge7 10. b3 Bd7 11. Kg2 Qc7 12. Bb2 h5 13. h3 Rc8 14. Nbd2 Qb8 15. Qe2
Qa7 16. Ng5 Nd8 17. gxh5 Rxh5 18. Rh1 Nf5 19. Bxf5 exf5 20. Nf1 Be7 21. Ng3 Rh4
22. Qd2 Bxg5 23. fxg5 Ne6 24. Ne2 Qc5 25. Rac1 Re4 26. Rhe1 Bb5 27. Nxd4 Rxd4
28. Bxd4 Qxd4 29. Qxd4 Nxd4 30. Kf2 Ne6 31. h4 d4 32. a4 Bc6 33. Ke2 Be4 34.
Kd2 Rc3 35. Re2 Rh3 36. Rf2 Nc5 37. Rb1 Rc3 38. Rb2 Nd7 39. b4 Nxe5 40. Kd1
axb4 41. Rxb4 d3 42. cxd3 Nxd3 43. Rxe4+ fxe4 44. Re2 Nc5 45. Kd2 Ra3 0-1

[Event "39 Mar del Plata open"]
[Site "?"]
[Date "2008.03.20"]
[Round "7"]
[White "Lovece, Ruth"]
[Black "Leskovar, Matias"]
[Result "1-0"]
[WhiteElo "2006"]
[BlackElo "2281"]
[PlyCount "81"]

1. e4 c6 2. d4 d5 3. exd5 cxd5 4. c4 Nf6 5. Nc3 e6 6. Nf3 Bb4 7. Bd2 O-O 8. a3
Bxc3 9. Bxc3 Ne4 10. Bd3 Nxc3 11. bxc3 dxc4 12. Bxc4 Qc7 13. Qd3 b6 14. O-O Bb7
15. Ng5 g6 16. Qh3 h5 17. Ba2 Qf4 18. Nxe6 fxe6 19. Qxe6+ Kg7 20. Qe7+ Rf7 21.
Bxf7 Qxf7 22. Rfe1 Nc6 23. Qg5 Rd8 24. Re3 Rd5 25. Qg3 Ne7 26. Qb8 Nc6 27. Qg3
Qd7 28. Rae1 Qd8 29. Re6 Rg5 30. Qf4 Rf5 31. Qe4 Qg5 32. Rxc6 Rf7 33. d5 Bxc6
34. dxc6 Rc7 35. Qd4+ Kf7 36. h3 Qf6 37. Qc4+ Kg7 38. Re6 Qg5 39. Qd4+ Kf7 40.
Re3 Kg8 41. Qd6 1-0

[Event "39 Mar del Plata open"]
[Site "?"]
[Date "2008.03.20"]
[Round "7"]
[White "Oddone, Cristhian"]
[Black "Maucci, Marcelo"]
[Result "1-0"]
[WhiteElo "2145"]
[BlackElo "1985"]
[PlyCount "69"]

1. e4 c5 2. Nf3 d6 3. d3 Nc6 4. g3 g6 5. Bg2 Bg7 6. O-O e5 7. c3 Nf6 8. Nbd2
O-O 9. a4 h6 10. Nc4 Be6 11. Re1 Re8 12. Rb1 a6 13. b4 b5 14. axb5 axb5 15. Na3
cxb4 16. cxb4 Qb8 17. Nc2 Ra4 18. d4 Bc4 19. d5 Ne7 20. Nh4 g5 21. Nf3 Rc8 22.
h4 g4 23. Nh2 h5 24. f3 Qa7+ 25. Ne3 Ra8 26. fxg4 hxg4 27. Nhxg4 Nh7 28. Qf3
Bd3 29. Rb2 Qd4 30. Rf2 f6 31. Kh2 Rxb4 32. Nf5 Nxf5 33. Qxf5 Re8 34. Be3 Bxe4
35. Qd7 1-0

[Event "39 Mar del Plata open"]
[Site "?"]
[Date "2008.03.20"]
[Round "7"]
[White "Ortiz, Jorge"]
[Black "Bianchi, Albino"]
[Result "1/2-1/2"]
[WhiteElo "1912"]
[BlackElo "2114"]
[PlyCount "95"]

1. Nf3 Nf6 2. g3 g6 3. Bg2 Bg7 4. O-O O-O 5. d4 d6 6. Nbd2 Nc6 7. c3 e5 8. e4
exd4 9. cxd4 Bg4 10. Qc2 Re8 11. Re1 d5 12. e5 Nd7 13. a3 Nb6 14. b3 Qd7 15.
Bb2 Bf5 16. Qc3 Re7 17. a4 a5 18. Ba3 Ree8 19. Nf1 f6 20. exf6 Bxf6 21. Bc5 Qf7
22. Ne3 Be6 23. Rad1 Rad8 24. Bf1 Nd7 25. Bb5 Nxc5 26. Qxc5 Be7 27. Qc2 Bb4 28.
Bxc6 bxc6 29. Qxc6 Bxe1 30. Rxe1 Qd7 31. Qc5 Ra8 32. Ne5 Qd6 33. Rc1 Reb8 34.
Qc2 Rb7 35. f4 Rf8 36. Nxg6 Rf6 37. Ne5 Qb4 38. Qc6 Rb8 39. f5 Qxd4 40. N5g4
Rbf8 41. Nxf6+ Rxf6 42. Qe8+ Kg7 43. Rxc7+ Bf7 44. Qe7 Qd2 45. Qe5 Qe1+ 46. Kg2
Qe2+ 47. Kg1 Qe1+ 48. Kg2 1/2-1/2

[Event "39 Mar del Plata open"]
[Site "?"]
[Date "2008.03.20"]
[Round "7"]
[White "Ronco, Raul"]
[Black "Miracca, Juan Pablo"]
[Result "1-0"]
[WhiteElo "2105"]
[BlackElo "2265"]
[PlyCount "105"]

1. Nf3 Nf6 2. c4 g6 3. b4 Bg7 4. Bb2 O-O 5. g3 d6 6. Bg2 e5 7. Nc3 c6 8. O-O h6
9. d3 Re8 10. e4 Nbd7 11. Na4 Qe7 12. Qc2 Nf8 13. Rfe1 b5 14. cxb5 cxb5 15. Nc3
a6 16. d4 Bg4 17. dxe5 dxe5 18. Nd5 Nxd5 19. exd5 Rac8 20. Qb3 Qd6 21. Nd2 Nd7
22. Rac1 f5 23. Rc6 Qf8 24. Rxa6 Kh7 25. a4 Rb8 26. a5 Bf6 27. Ra7 Re7 28. d6
Rg7 29. Qd5 Rd8 30. a6 e4 31. Bd4 Bh5 32. Rc1 Be2 33. Rcc7 Bc4 34. Nxc4 bxc4
35. Rxc4 h5 36. Rcc7 h4 37. gxh4 Kh6 38. Be3+ Kh5 39. Bxe4 Be5 40. Bf3+ Kxh4
41. Rxd7 Bxh2+ 42. Kxh2 Rdxd7 43. Rxd7 Rxd7 44. Qd4+ f4 45. Qxf4+ Qxf4+ 46.
Bxf4 Rh7 47. b5 Rd7 48. b6 Rf7 49. Bg3+ Kg5 50. b7 Rxf3 51. b8=Q Kg4 52. Qc8+
Rf5 53. Qxf5+ 1-0

[Event "39 Mar del Plata open"]
[Site "?"]
[Date "2008.03.21"]
[Round "8"]
[White "Acosta, Mariano"]
[Black "Meza, Hugo"]
[Result "0-1"]
[WhiteElo "2246"]
[BlackElo "2021"]
[PlyCount "54"]

1. Nf3 Nf6 2. d4 c5 3. d5 e6 4. c4 exd5 5. cxd5 d6 6. Nc3 g6 7. e4 Bg7 8. Be2
O-O 9. O-O Re8 10. Nd2 Na6 11. f3 Nc7 12. Qb3 Rb8 13. a4 b6 14. Bb5 Re7 15. Nc4
a6 16. Bc6 b5 17. axb5 axb5 18. Na5 Ba6 19. Re1 Nh5 20. Be3 f5 21. exf5 Rxe3
22. Rxe3 Bd4 23. Rae1 Qg5 24. Nd1 gxf5 25. Nf2 Kh8 26. Re8+ Nxe8 27. Bxe8 Qd2
0-1

[Event "39 Mar del Plata open"]
[Site "?"]
[Date "2008.03.21"]
[Round "8"]
[White "Aguilar, Andres"]
[Black "Goldwaser, Romina"]
[Result "1-0"]
[WhiteElo "2248"]
[BlackElo "2001"]
[PlyCount "65"]

1. e4 e6 2. d3 c5 3. Nf3 Nc6 4. g3 d6 5. Bg2 Nge7 6. O-O g6 7. Re1 Bg7 8. c3
O-O 9. d4 cxd4 10. cxd4 d5 11. e5 Qb6 12. Nc3 Bd7 13. Bf4 h6 14. h4 Rac8 15.
Na4 Qd8 16. Rc1 Kh7 17. g4 Nb4 18. Nc3 a6 19. a3 Nbc6 20. Na4 Na5 21. Nc5 Nc4
22. Nxb7 Qb6 23. Nc5 Rfd8 24. b3 Nxa3 25. Nxd7 Rxd7 26. Rxc8 Nxc8 27. Qc1 Nb5
28. Qxc8 Rc7 29. Qd8 Qa5 30. Bf1 Qc3 31. Bxb5 axb5 32. Kg2 Rc8 33. Qd7 1-0

[Event "39 Mar del Plata open"]
[Site "?"]
[Date "2008.03.21"]
[Round "8"]
[White "Bustamante, Leonidas"]
[Black "Ortiz, Jorge"]
[Result "1/2-1/2"]
[WhiteElo "2184"]
[BlackElo "1912"]
[PlyCount "91"]

1. e4 e6 2. d4 d5 3. Nc3 dxe4 4. Nxe4 Bd7 5. Nf3 Bc6 6. Bd3 Nf6 7. Qe2 Nxe4 8.
Bxe4 Bxe4 9. Qxe4 Qd5 10. Qe2 Nc6 11. O-O Be7 12. c3 O-O 13. Re1 Rfe8 14. Ne5
Nxe5 15. dxe5 Rad8 16. Qg4 Qd3 17. Be3 b6 18. Qa4 a6 19. Rad1 Qb5 20. Qxb5 axb5
21. Kf1 Kf8 22. Ke2 Rxd1 23. Kxd1 Rd8+ 24. Kc2 Rd5 25. f4 Ke8 26. a4 b4 27. c4
Ra5 28. Kb3 c5 29. Rd1 Ra8 30. g4 g6 31. f5 gxf5 32. gxf5 exf5 33. Rf1 Rd8 34.
Kc2 Kd7 35. Rxf5 Ke6 36. Rh5 f6 37. exf6 Bxf6 38. b3 Be5 39. Rxh7 Rg8 40. Bc1
Rg2+ 41. Kd3 Bb2 42. Bxb2 Rxb2 43. Rh6+ Ke5 44. Rh5+ Kd6 45. Rh6+ Ke5 46. Rh5+
1/2-1/2

[Event "39 Mar del Plata open"]
[Site "?"]
[Date "2008.03.21"]
[Round "8"]
[White "Celestino, Guillermo"]
[Black "Sanduay, Nicolas"]
[Result "1-0"]
[WhiteElo "2167"]
[BlackElo "2017"]
[PlyCount "67"]

1. d4 Nf6 2. c4 c5 3. d5 b5 4. cxb5 a6 5. b6 d6 6. Nc3 g6 7. e4 Qxb6 8. Nf3 Bg7
9. Be2 O-O 10. O-O Bd7 11. a4 Bg4 12. a5 Qb7 13. Nd2 Bxe2 14. Qxe2 e6 15. Nc4
exd5 16. exd5 Nbd7 17. Nxd6 Qc7 18. Nc4 Rfe8 19. Qf3 Ne5 20. Nxe5 Qxe5 21. Bf4
Qf5 22. Rad1 Rad8 23. Bc7 Qxf3 24. gxf3 Rd7 25. d6 Re6 26. Na4 Re5 27. Nb6 Rh5
28. Rfe1 Bf8 29. Nxd7 Nxd7 30. Re8 Rg5+ 31. Kf1 c4 32. Bd8 Re5 33. Rxe5 Nxe5
34. d7 1-0

[Event "39 Mar del Plata open"]
[Site "?"]
[Date "2008.03.21"]
[Round "8"]
[White "Contin, Daniel"]
[Black "Oddone, Cristhian"]
[Result "1-0"]
[WhiteElo "2309"]
[BlackElo "2145"]
[PlyCount "77"]

1. c4 c5 2. Nc3 Nc6 3. g3 g6 4. Bg2 e5 5. e3 Bg7 6. Nge2 Nge7 7. d3 O-O 8. b3
d6 9. Bb2 Be6 10. Nd5 Qd7 11. O-O Bh3 12. Bxh3 Qxh3 13. Qd2 Nxd5 14. cxd5 Ne7
15. Nc3 f5 16. f4 a6 17. Rae1 b5 18. e4 b4 19. Na4 Bh6 20. Bc1 Rf7 21. Nb6 Raf8
22. Nc4 Nc8 23. Qg2 Qxg2+ 24. Kxg2 fxe4 25. fxe5 Rxf1 26. Rxf1 Rxf1 27. Kxf1
Bxc1 28. exd6 Bg5 29. dxe4 Bd8 30. Ke2 Nb6 31. Ne5 Kf8 32. Nd3 Nd7 33. e5 Nb6
34. Nxc5 Nxd5 35. Kd3 Bb6 36. Kc4 Bxc5 37. Kxd5 Be3 38. Kc6 Bg5 39. Kd7 1-0

[Event "39 Mar del Plata open"]
[Site "?"]
[Date "2008.03.21"]
[Round "8"]
[White "Daneri, Martin"]
[Black "Arcos Facio, Mateos"]
[Result "1/2-1/2"]
[WhiteElo "2210"]
[BlackElo "2060"]
[PlyCount "174"]

1. c4 g6 2. Nc3 Bg7 3. d4 Nf6 4. e4 d6 5. f4 O-O 6. Nf3 Nbd7 7. Be2 c6 8. Be3
Ng4 9. Bg1 e5 10. h3 Ngf6 11. fxe5 dxe5 12. d5 cxd5 13. cxd5 Nh5 14. Bf2 Nf4
15. O-O f5 16. exf5 gxf5 17. Bc4 Kh8 18. Qd2 Bh6 19. Kh2 Qc7 20. Bb3 Rf6 21.
Nb5 Qd8 22. Be3 a6 23. Nc3 Bg7 24. Nxe5 Nxg2 25. Bg5 Nxe5 26. Bxf6 Qxf6 27.
Qxg2 Bd7 28. Rae1 Nd3 29. Re3 Qd4 30. Qd2 Bh6 31. Rff3 Bxe3 32. Qxe3 Qxe3 33.
Rxe3 Nxb2 34. Re7 Rd8 35. Kg3 Nd3 36. Kh4 Nc5 37. Bc2 b5 38. a3 a5 39. d6 Bc6
40. Bxf5 Rxd6 41. Re5 Nd3 42. Nxb5 Nxe5 43. Nxd6 Kg7 44. Kg5 Nf3+ 45. Kf4 Nd4
46. Bd3 Bd7 47. h4 Ne6+ 48. Ke5 Nf8 49. Nc4 a4 50. Nb6 Be8 51. Kd6 Ng6 52. Bc2
Nxh4 53. Bxa4 Bg6 54. Bc6 Nf5+ 55. Ke5 Ne7 56. Bb7 Bc2 57. a4 Bxa4 58. Nxa4 Kg6
59. Nc5 Kg5 60. Ne6+ Kg4 61. Kf6 Nf5 62. Bc8 Nd6 63. Bd7 h5 64. Ng7+ Kh4 65.
Kg6 Kg3 66. Nxh5+ Kf2 67. Bc6 Nc4 68. Kf5 Ke3 69. Nf6 Kd4 70. Ke6 Kc5 71. Bd5
Nb6 72. Bb3 Kb4 73. Ba2 Ka3 74. Bb1 Kb2 75. Bd3 Kc3 76. Bb5 Kb4 77. Be2 Nc4 78.
Kd5 Ne3+ 79. Kd4 Nf5+ 80. Ke5 Ne3 81. Ke4 Nc4 82. Nd5+ Kc5 83. Nc3 Nd2+ 84. Kd3
Nb3 85. Ne4+ Kd5 86. Nc3+ Kc5 87. Na4+ Kb4 1/2-1/2

[Event "39 Mar del Plata open"]
[Site "?"]
[Date "2008.03.21"]
[Round "8"]
[White "De Dovittis, Alejo"]
[Black "Leskovar, Mario"]
[Result "1/2-1/2"]
[WhiteElo "2326"]
[BlackElo "2355"]
[PlyCount "53"]

1. e4 g6 2. d4 Bg7 3. Nf3 d6 4. Nc3 a6 5. a4 Nd7 6. Bc4 e6 7. Bg5 Ne7 8. Qd2 h6
9. Be3 b6 10. O-O Bb7 11. Rfe1 Nf6 12. e5 dxe5 13. Nxe5 Nfd5 14. Bf4 Nxf4 15.
Qxf4 O-O 16. Rad1 Nd5 17. Nxd5 Bxd5 18. Bxd5 Qxd5 19. c4 Qd6 20. b3 Rad8 21.
Qf3 Bxe5 22. dxe5 Qe7 23. g3 Rxd1 24. Rxd1 Rd8 25. h4 h5 26. Kg2 Rxd1 27. Qxd1
1/2-1/2

[Event "39 Mar del Plata open"]
[Site "?"]
[Date "2008.03.21"]
[Round "8"]
[White "Fernandez, Maria Florencia"]
[Black "Cristobal, Ruben"]
[Result "1/2-1/2"]
[WhiteElo "2037"]
[BlackElo "2283"]
[PlyCount "99"]

1. d4 e6 2. c4 f5 3. Nc3 Nf6 4. Nf3 Be7 5. g3 O-O 6. Bg2 d6 7. O-O c6 8. Qc2 d5
9. b3 Na6 10. a3 Bd7 11. cxd5 cxd5 12. Ne5 Be8 13. b4 Rc8 14. Qd3 Ne4 15. Nxe4
dxe4 16. Qb3 Nc7 17. Bb2 Bb5 18. Rfe1 Qd5 19. Qe3 Qd8 20. a4 Nd5 21. Qb3 Be8
22. b5 Qa5 23. Rac1 Bh5 24. Bf1 Qb4 25. Qxb4 Bxb4 26. Red1 Nb6 27. Ra1 Rc2 28.
Ba3 Bxa3 29. Rxa3 Bxe2 30. Bxe2 Rxe2 31. a5 Nd5 32. Nd7 Rc8 33. b6 axb6 34.
axb6 Rd8 35. Nc5 Rd6 36. Rb3 Rxb6 37. Rxb6 Nxb6 38. Nxe6 Nd5 39. Rb1 Kf7 40.
Nd8+ Kf6 41. Rxb7 e3 42. fxe3 Rxe3 43. Kf2 Rd3 44. Rd7 Nc3 45. Rf7+ Kg6 46. Rd7
Ne4+ 47. Kg1 Rd2 48. Ne6 Kf6 49. Nxg7 Ng5 50. h4 1/2-1/2

[Event "39 Mar del Plata open"]
[Site "?"]
[Date "2008.03.21"]
[Round "8"]
[White "Juarez, Carlos Eleodoro"]
[Black "Espinoza Palomino, Willyam"]
[Result "0-1"]
[WhiteElo "2170"]
[BlackElo "1945"]
[PlyCount "108"]

1. e4 e5 2. Nf3 Nc6 3. Bb5 a6 4. Ba4 Nf6 5. O-O Be7 6. Re1 b5 7. Bb3 d6 8. c3
O-O 9. h3 Na5 10. Bc2 c5 11. d4 Qc7 12. Nbd2 cxd4 13. cxd4 Nc6 14. d5 Nb4 15.
Bb1 a5 16. a3 Na6 17. Nf1 Bd7 18. Ng3 Rfc8 19. Be3 Nc5 20. Bc2 Bd8 21. Rc1 Qb7
22. b3 Bb6 23. Nh4 g6 24. Bg5 Ne8 25. Qf3 a4 26. bxa4 Nxa4 27. Bb1 Qa7 28. Bd2
Nb2 29. Rxc8 Bxc8 30. Qe2 Nc4 31. Bb4 Bc5 32. Bd3 Nxa3 33. Bd2 Nc4 34. Rf1 Qa3
35. Rd1 Nxd2 36. Rxd2 Qc3 37. Kh2 b4 38. Bb5 Nf6 39. Rd3 Qa1 40. Rd2 Qa5 41.
Bc4 Qb6 42. Qf3 Kg7 43. Nf1 Ra3 44. Rd3 Rxd3 45. Bxd3 Bxf2 46. g3 Bd4 47. Nd2
Ba6 48. Ng2 Bxd3 49. Qxd3 Bg1+ 50. Kh1 Qd4 51. Qe2 Nh5 52. Qf3 Qa1 53. Nf1 Bd4
54. g4 Qxf1+ 0-1

[Event "39 Mar del Plata open"]
[Site "?"]
[Date "2008.03.21"]
[Round "8"]
[White "Lo Presti, Roberto"]
[Black "Fernandez, Jorge Daniel"]
[Result "1-0"]
[WhiteElo "2148"]
[BlackElo "2012"]
[PlyCount "110"]

1. e4 g6 2. Nc3 Bg7 3. f4 c6 4. Nf3 d5 5. e5 Bg4 6. d4 e6 7. Bd3 Ne7 8. O-O Nd7
9. Qe1 Bxf3 10. Rxf3 a6 11. Ne2 c5 12. c3 Nc6 13. a4 c4 14. Bc2 b5 15. b3 cxb3
16. Bxb3 Na5 17. Ba2 bxa4 18. f5 Nb6 19. fxe6 fxe6 20. Nf4 Qd7 21. Qg3 O-O-O
22. Qh3 Rde8 23. Nd3 Nb7 24. Bg5 h6 25. Bf6 Rh7 26. Bxg7 Qxg7 27. Nf4 Qd7 28.
Nxg6 Qb5 29. Rb1 Qc6 30. Nf8 Rh8 31. Rbf1 Nd8 32. Qh4 Nd7 33. Nxd7 Qxd7 34. c4
dxc4 35. Bxc4 Kb7 36. Qe4+ Qc6 37. d5 Qc7 38. Kh1 Ka7 39. dxe6 Re7 40. Bd5 Rhe8
41. Rd1 Qb8 42. Qxa4 Qb5 43. Qf4 Nxe6 44. Bxe6 Rxe6 45. Re3 R8e7 46. Rde1 a5
47. h3 Ka6 48. Re4 Qe8 49. Qe3 Qb5 50. Qc3 Rc6 51. Qd4 Qb6 52. Qd2 Rce6 53. Rd4
Qc5 54. Rd5 Qb4 55. Qd3+ Kb6 1-0

[Event "39 Mar del Plata open"]
[Site "?"]
[Date "2008.03.21"]
[Round "8"]
[White "Mazzocchi, Facundo Tomas"]
[Black "Ruperez, Miguel Angel"]
[Result "0-1"]
[WhiteElo "1985"]
[BlackElo "2100"]
[PlyCount "108"]

1. e4 c5 2. Nf3 d6 3. d4 cxd4 4. Nxd4 Nf6 5. Nc3 a6 6. Be2 e6 7. O-O Be7 8. Be3
O-O 9. Kh1 Qc7 10. f4 Nc6 11. a3 Re8 12. Bg1 Nxd4 13. Bxd4 e5 14. Be3 exf4 15.
Bxf4 Be6 16. Nd5 Bxd5 17. exd5 Nd7 18. Bh5 g6 19. Bg4 Bf8 20. Bxd7 Qxd7 21. Qd3
Bg7 22. c3 Be5 23. Rae1 Bxf4 24. Rxe8+ Rxe8 25. Rxf4 Qg4 26. g3 Qh5 27. Qf3
Re1+ 28. Kg2 Re2+ 29. Kf1 Qxf3+ 30. Rxf3 Rxb2 31. Rf6 Rb6 32. c4 Kg7 33. Rf3
Rb2 34. Rc3 b6 35. h3 Kf6 36. Rf3+ Ke7 37. Rc3 f5 38. a4 Rb4 39. h4 Rxa4 40.
Rb3 Rxc4 41. Rxb6 h5 42. Rxa6 Rc5 43. Ke2 Rxd5 44. Kf3 Kf6 45. Ra3 Rd4 46. Ke2
Rd5 47. Kf3 Re5 48. Ra7 d5 49. Rd7 Ke6 50. Rg7 d4 51. Rxg6+ Kd5 52. Rg8 d3 53.
Rd8+ Kc4 54. Rc8+ Rc5 0-1

[Event "39 Mar del Plata open"]
[Site "?"]
[Date "2008.03.21"]
[Round "8"]
[White "Miracca, Juan Pablo"]
[Black "Benko, Francisco"]
[Result "1-0"]
[WhiteElo "2265"]
[BlackElo "2046"]
[PlyCount "65"]

1. e4 d5 2. exd5 Nf6 3. d4 Nxd5 4. c4 Nf6 5. Nc3 c6 6. Nf3 Bg4 7. Be2 e6 8. O-O
Bd6 9. Bg5 Nbd7 10. h3 Bh5 11. Ne5 Bxe2 12. Qxe2 Qc7 13. Rfe1 O-O 14. Rad1 Rfe8
15. Rd3 Bf8 16. Rf3 Nxe5 17. dxe5 Nd7 18. Rg3 Kh8 19. f4 Be7 20. Bxe7 Rxe7 21.
Ne4 Rg8 22. Kh1 f6 23. Nd6 Rd8 24. Rd1 Nf8 25. Rgd3 Rdd7 26. b4 h6 27. exf6
gxf6 28. Qh5 Kh7 29. Qh4 Ng6 30. Qxf6 Rf7 31. Nxf7 Rxf7 32. Qxe6 Qxf4 33. Rf3
1-0

[Event "39 Mar del Plata open"]
[Site "?"]
[Date "2008.03.21"]
[Round "8"]
[White "Modotti, Pierino"]
[Black "Covas, Guillermo Maximilia"]
[Result "0-1"]
[WhiteElo "2027"]
[BlackElo "2192"]
[PlyCount "64"]

1. f4 d6 2. Nf3 Nf6 3. e3 g6 4. b3 Bg7 5. Bb2 c5 6. Be2 Nc6 7. O-O O-O 8. Qc1
Re8 9. c4 e5 10. fxe5 dxe5 11. a3 Bf5 12. Ne1 Qd7 13. Qd1 e4 14. Nc3 Rad8 15.
Bc1 Bg4 16. Ra2 Bxe2 17. Qxe2 Ne5 18. Rxf6 Bxf6 19. Nxe4 Be7 20. d3 f5 21. Nc3
Nxd3 22. Bd2 Nxe1 23. Qxe1 Qd3 24. Qc1 Bg5 25. Nd5 Rxd5 26. cxd5 Qxd5 27. Rc2
b6 28. b4 Rc8 29. Kh1 c4 30. e4 Bxd2 31. Rxd2 Qxe4 32. h3 c3 0-1

[Event "39 Mar del Plata open"]
[Site "?"]
[Date "2008.03.21"]
[Round "8"]
[White "Musanti, Diego"]
[Black "Alonso, Salvador"]
[Result "0-1"]
[WhiteElo "2314"]
[BlackElo "2404"]
[PlyCount "118"]

1. e4 c5 2. Nf3 e6 3. d4 cxd4 4. Nxd4 a6 5. Nc3 Qc7 6. Bd3 Nc6 7. Be3 Nf6 8.
O-O Nxd4 9. Bxd4 Bc5 10. Bxc5 Qxc5 11. Kh1 d6 12. f4 O-O 13. Qe2 e5 14. f5 Bd7
15. Bc4 b5 16. Bb3 Bc6 17. Rfd1 Rac8 18. Rac1 Rfd8 19. a3 b4 20. Nd5 Bxd5 21.
Rxd5 Nxd5 22. Bxd5 bxa3 23. bxa3 Qa7 24. f6 gxf6 25. Rf1 Qe7 26. c4 Kh8 27. Qh5
Rc7 28. Rf3 Rg8 29. Rh3 Rg7 30. Rb3 Rg6 31. Rb6 a5 32. Qe2 Qd7 33. Qf3 Kg7 34.
h3 Rg5 35. Ra6 Ra7 36. Rb6 h6 37. c5 Qd8 38. Rxd6 Rd7 39. Rxd7 Qxd7 40. c6 Qa7
41. Qf1 Qc5 42. Qf3 h5 43. Qb3 Qc1+ 44. Kh2 Qd2 45. Qf3 Qc2 46. Qf1 Qc5 47. Qe2
h4 48. Qb2 Qe3 49. Qc2 Qg3+ 50. Kh1 Qe1+ 51. Kh2 Qg3+ 52. Kh1 Qe1+ 53. Kh2 Rg3
54. c7 Rxa3 55. Bc4 Qg3+ 56. Kg1 Ra1+ 57. Bf1 Qe3+ 58. Qf2 Qxf2+ 59. Kxf2 Rc1
0-1

[Event "39 Mar del Plata open"]
[Site "?"]
[Date "2008.03.21"]
[Round "8"]
[White "Needleman, Alejandro"]
[Black "Goldwaser, Cristian"]
[Result "1/2-1/2"]
[WhiteElo "2355"]
[BlackElo "2350"]
[PlyCount "62"]

1. d4 d5 2. Nf3 Nf6 3. Bf4 c5 4. e3 Nc6 5. c3 Qb6 6. Qb3 c4 7. Qc2 Bf5 8. Qc1
e6 9. Nbd2 Be7 10. Be2 O-O 11. h3 h6 12. Ne5 Nxe5 13. Bxe5 Qc6 14. O-O b5 15.
Bf3 Bd3 16. Bxf6 Bxf6 17. Re1 e5 18. dxe5 Bxe5 19. Be2 Bg6 20. Nf3 Bf6 21. a3
a5 22. Qd2 Rab8 23. Nd4 Qb6 24. Bf3 Rfd8 25. Ne2 b4 26. axb4 axb4 27. Nf4 Be4
28. Bxe4 dxe4 29. Qc2 bxc3 30. bxc3 Qb3 31. Rec1 Bxc3 1/2-1/2

[Event "39 Mar del Plata open"]
[Site "?"]
[Date "2008.03.21"]
[Round "8"]
[White "Perez Ponsa, Federico"]
[Black "Ronco, Raul"]
[Result "1-0"]
[WhiteElo "2235"]
[BlackElo "2105"]
[PlyCount "93"]

1. e4 e5 2. Nf3 Nc6 3. Bb5 a6 4. Ba4 Nf6 5. O-O Be7 6. Bxc6 dxc6 7. d3 Bd6 8.
Nbd2 b5 9. d4 Nd7 10. Nb3 O-O 11. Na5 c5 12. Nc6 Qf6 13. dxe5 Bxe5 14. Qd5 Bb7
15. Ne7+ Qxe7 16. Qxb7 Qd6 17. Nxe5 Nxe5 18. Qd5 Qxd5 19. exd5 Rad8 20. Rd1 Nc4
21. b3 Nb6 22. Be3 Rxd5 23. Rxd5 Nxd5 24. Bxc5 Re8 25. Kf1 Nf4 26. Be3 Ne6 27.
a4 f5 28. g3 Kf7 29. axb5 axb5 30. Ke2 Ke7 31. Kd3 Kd6 32. Kc3 Rc8 33. Kb4 c6
34. Ra7 Rc7 35. Ra1 Rd7 36. Re1 Rf7 37. f4 g6 38. Bc5+ Kd7 39. Rd1+ Kc7 40. Re1
Kd7 41. Ra1 Nc7 42. Bb6 Kd6 43. Bxc7+ Rxc7 44. Rd1+ Ke6 45. Kc5 Rd7 46. Re1+
Kf6 47. Re2 1-0

[Event "39 Mar del Plata open"]
[Site "?"]
[Date "2008.03.21"]
[Round "8"]
[White "Roselli, Bernardo"]
[Black "Cornejo, Max"]
[Result "1/2-1/2"]
[WhiteElo "2420"]
[BlackElo "2338"]
[PlyCount "85"]

1. d4 d5 2. c4 dxc4 3. Nf3 Nd7 4. Qa4 c6 5. Qxc4 e5 6. e4 Nb6 7. Qd3 exd4 8.
Qxd4 Bg4 9. Nc3 Bxf3 10. Qxd8+ Rxd8 11. gxf3 Bc5 12. Be3 Bxe3 13. fxe3 Ne7 14.
Rd1 Rxd1+ 15. Kxd1 f5 16. Bd3 O-O 17. exf5 Nxf5 18. Ke2 g6 19. Rd1 Kg7 20. b3
Rd8 21. e4 Nh4 22. f4 Rf8 23. Rf1 g5 24. Rg1 Rxf4 25. Rxg5+ Ng6 26. Ke3 Rh4 27.
Rg2 Rh3+ 28. Kd2 Nd7 29. Be2 Nde5 30. Nd1 Rh4 31. Nf2 Kf6 32. h3 Nf4 33. Rg3
Rh6 34. Ke3 Nxe2 35. Kxe2 Rg6 36. Rxg6+ hxg6 37. h4 c5 38. Ke3 b5 39. Nh3 Ng4+
40. Kf4 Ne5 41. Ke3 Ng4+ 42. Kf4 Ne5 43. Ke3 1/2-1/2

[Event "39 Mar del Plata open"]
[Site "?"]
[Date "2008.03.21"]
[Round "8"]
[White "Sandoval, Teofilo"]
[Black "Corsi Ferrari, Nestor"]
[Result "1/2-1/2"]
[WhiteElo "2158"]
[BlackElo "2272"]
[PlyCount "68"]

1. d4 Nf6 2. Nf3 g6 3. c4 Bg7 4. Nc3 d5 5. e3 O-O 6. cxd5 Nxd5 7. Qb3 Nxc3 8.
bxc3 c5 9. Ba3 cxd4 10. cxd4 Nc6 11. Rc1 Be6 12. Qb2 Qa5+ 13. Nd2 Rfd8 14. Rc5
Qb6 15. Rb5 Qc7 16. Rxb7 Qc8 17. Ba6 Nxd4 18. exd4 Bxd4 19. Qb1 Bxf2+ 20. Kxf2
Rxd2+ 21. Be2 Qc4 22. Rb8+ Kg7 23. Qb2+ Rxb2 24. Bxb2+ f6 25. Bxc4 Rxb8 26.
Bxe6 Rxb2+ 27. Kf3 f5 28. Rc1 a5 29. a4 Rb4 30. Bd7 e5 31. Rc5 Rb3+ 32. Kf2
Rb2+ 33. Kf3 Rb3+ 34. Kf2 Rb2+ 1/2-1/2

[Event "39 Mar del Plata open"]
[Site "?"]
[Date "2008.03.21"]
[Round "8"]
[White "Saralegui, Mario"]
[Black "Gallego, Gonzalo"]
[Result "1-0"]
[WhiteElo "2190"]
[BlackElo "2027"]
[PlyCount "55"]

1. d4 Nf6 2. Nf3 e6 3. Bg5 b6 4. e3 Bb7 5. c4 h6 6. Bh4 Bb4+ 7. Nbd2 O-O 8. Bd3
d5 9. O-O Nbd7 10. cxd5 exd5 11. Ne5 Be7 12. Ndf3 c5 13. Rc1 Re8 14. Bb5 Qc7
15. Bxf6 Nxf6 16. Bxe8 Rxe8 17. Qa4 Bd6 18. h3 a6 19. Ng4 Re6 20. dxc5 bxc5 21.
Nd4 Re4 22. f3 Nxg4 23. fxe4 Nxe3 24. Qe8+ Kh7 25. Rf3 Be5 26. Ne6 Bh2+ 27. Kh1
Qd6 28. Qxf7 1-0

[Event "39 Mar del Plata open"]
[Site "?"]
[Date "2008.03.21"]
[Round "8"]
[White "Scarzello, Alejandro"]
[Black "Moccero, Eduardo"]
[Result "0-1"]
[WhiteElo "2001"]
[BlackElo "2120"]
[PlyCount "94"]

1. e4 Nc6 2. Nf3 d5 3. exd5 Qxd5 4. Nc3 Qf5 5. a3 e5 6. Bc4 Be6 7. Qe2 Bxc4 8.
Qxc4 Nf6 9. Qb5 O-O-O 10. d3 Qg4 11. O-O Nd4 12. Nxd4 exd4 13. h3 Qe6 14. Ne4
Nxe4 15. dxe4 Qxe4 16. Qa5 a6 17. Re1 Qd5 18. Qd2 Bd6 19. b3 Rhe8 20. Bb2 Be5
21. Rad1 Re6 22. Qd3 Rg6 23. Qe4 Qxe4 24. Rxe4 Re6 25. Kf1 Bf6 26. Ree1 c5 27.
Rd3 Rxe1+ 28. Kxe1 Kc7 29. f4 Kc6 30. g4 h6 31. Bc1 Re8+ 32. Kf2 b5 33. g5 hxg5
34. fxg5 Bd8 35. Rf3 f6 36. h4 fxg5 37. hxg5 Re5 38. Rg3 g6 39. Kf3 c4 40. Kg4
Re2 41. bxc4 bxc4 42. Rh3 Rxc2 43. Bf4 Re2 44. Rh8 Bc7 45. Rc8 Re7 46. Bxc7
Rxc7 47. Rg8 c3 0-1